Quản trị sản xuất và tác nghiệp

Spremljeno u:
Bibliografski detalji
Glavni autor: Nguyễn Thanh LiêmNguyễn Hữu Hiển
Format: Knjiga
Jezik:Vietnamese
Izdano: Giáo dục 2002
Oznake: Dodaj oznaku
Bez oznaka, Budi prvi tko označuje ovaj zapis!
Thư viện lưu trữ: Mạng thư viện Đại học Đà Nẵng
LEADER 00652nam a2200277 4500
001 000025734
003 1290
005 20150325120000.0
008 150325s vm 000 vie
020 |c 0,0000 
040 |a D1 
100 |a Nguyễn Thanh LiêmNguyễn Hữu Hiển 
245 |a Quản trị sản xuất và tác nghiệp 
260 |b Giáo dục  |c 2002 
300 |a 317tr. ; 
OWN |a LTT 
999 |a From the UDN01 
TYP |a Monograph 
TYP |a Printed language 
980 |a Mạng thư viện Đại học Đà Nẵng